00811nam a2200265 4500003000400000005001700004008004100021020001600062020001500078040001800093050001300111100003900124245005700163264006700220300004200287336002200329337002400351338002400375650002300399650003100422650004400453650001900497942001200516999001700528OSt20260530115305.0260420b1975 xxua|||| |||| 00| 0 eng d a0470601450  a0470601469 aICIbspacICI aH61 bM41 a Michelson, William Md194093179510aBehavioral research methods in environmental design. 1bDowden, Hutchinson, & Ross,c1975aStroudsburg, Pennsylvania : a307 páginasbilustraciones c24 cm. atexto2rdacontent asin medio2rdamedia avolumen2rdacarrier 2 Ecología humana aDiseño industrial915218 aCiencias socialesxMetodología931796 aUrbanismo9788 2lcccBK c13038d13038